[Event "Scottish op"]
[Site "Dunfermline"]
[Date "2025.07.10"]
[Round "5"]
[White "McNaught, Jordan J"]
[Black "McKay, Jonathan"]
[Result "1-0"]
[WhiteElo "1825"]
[BlackElo "2000"]
[PlyCount "125"]
[EventDate "2025.07.07"]
[EventType "swiss"]
[EventRounds "9"]
[EventCountry "SCO"]
[SourceTitle "CB29_2025"]
[SourceDate "2025.07.16"]
[SourceVersion "1"]
[SourceVersionDate "2025.07.16"]
[SourceQuality "1"]

1. d4 Nf6 2. Nf3 g6 3. c4 Bg7 4. Nc3 0-0 5. Bg5 c5 6. d5 d6 7. e4 e6 8. Be2 exd5 9. cxd5 Re8 10. Nd2 a6 11. a4 Nbd7 12. 0-0 Rb8 13. Qc2 h6 14. Bh4 Qc7 15. f4 c4 16. Bxc4 b5 17. axb5 axb5 18. Bd3 Ng4 19. Nd1 Qb6+ 20. Kh1 Nc5 21. h3 Nf6 22. Bf2 Nh5 23. Rc1 Qa5 24. Be1 Qa4 25. Qxa4 bxa4 26. Be2 Bxb2 27. Nxb2 Rxb2 28. Bxh5 Nd3 29. Ra1 Nxe1 30. Nc4 Rb4 31. Nxd6 Rd8 32. Nxc8 Rxc8 33. Bg4 f5 34. Rfxe1 fxg4 35. hxg4 Kf7 36. f5 gxf5 37. gxf5 Kf6 38. g4 Ke5 39. Re2 Rcc4 40. Rae1 Rxe4 41. Rxe4+ Rxe4 42. Rxe4+ Kxe4 43. d6 a3 44. d7 a2 45. d8Q a1Q+ 46. Kg2 Qb2+ 47. Kf1 Qc1+ 48. Kg2 Qc2+ 49. Kh3 Qc3+ 50. Kh4 Qb4 51. Qf6 Qe1+ 52. Kh5 Qh1+ 53. Kg6 Qh3 54. Qc6+ Ke5 55. Qe6+ Kf4 56. f6 Qh4 57. Qf5+ Ke3 58. f7 h5 59. f8Q Qxg4+ 60. Qxg4 hxg4 61. Kg5 g3 62. Kg4 g2 63. Qf3+ 1-0

[Event "Blackpool op 48th"]
[Site "Blackpool"]
[Date "2025.02.07"]
[Round "1"]
[White "McKay, Jonathan"]
[Black "Arkell, Keith C"]
[Result "0-1"]
[WhiteElo "1981"]
[BlackElo "2329"]
[PlyCount "68"]
[EventDate "2025.02.07"]
[EventType "swiss"]
[EventRounds "5"]
[EventCountry "ENG"]
[SourceTitle "CB07_2025"]
[SourceDate "2025.02.12"]
[SourceVersion "1"]
[SourceVersionDate "2025.02.12"]
[SourceQuality "1"]

1. e4 c6 2. d4 d5 3. f3 e6 4. Nc3 Bb4 5. a3 Ba5 6. Bd3 dxe4 7. fxe4 Qxd4 8. Nf3 Qd8 9. e5 Nd7 10. 0-0 h6 11. Ne4 Bc7 12. Kh1 Ne7 13. Bd2 Ng6 14. Nd6+ Bxd6 15. exd6 0-0 16. Qe1 Kh7 17. Qg3 f5 18. Bg5 Nf6 19. Rae1 e5 20. Nxe5 Nxe5 21. Rxe5 hxg5 22. Qh3+ Kg8 23. Bc4+ Rf7 24. Qb3 Nd5 25. Rxd5 cxd5 26. Bxd5 Qe8 27. Rd1 Bd7 28. Qxb7 Rc8 29. c4 Rb8 30. Bxf7+ Kxf7 31. Qxa7 Rxb2 32. Qd4 Qe2 33. Rg1 Bc6 34. Qa7+ Kg6 0-1

[Event "Scottish op"]
[Site "Dunfermline"]
[Date "2024.07.13"]
[Round "8"]
[White "Sharma, Devesh"]
[Black "McKay, Jonathan"]
[Result "1/2-1/2"]
[WhiteElo "1814"]
[BlackElo "1977"]
[PlyCount "50"]
[EventDate "2024.07.08"]
[EventType "swiss"]
[EventRounds "9"]
[EventCountry "SCO"]
[SourceTitle "CBM 221 Extra"]
[Source "ChessBase"]
[SourceDate "2024.09.30"]
[SourceVersion "1"]
[SourceVersionDate "2024.09.30"]
[SourceQuality "1"]

1. e4 c6 2. d4 d5 3. exd5 cxd5 4. Bd3 Nc6 5. c3 Qc7 6. h3 Nf6 7. Nf3 g6 8. 0-0 Bg7 9. Re1 0-0 10. Bg5 Re8 11. Nbd2 h6 12. Bh4 Qb6 13. Qc2 Bd7 14. Ne5 Nxe5 15. Rxe5 Bb5 16. Bxb5 Qxb5 17. Rae1 e6 18. R5e3 Rac8 19. Bxf6 Bxf6 20. Nf3 Qd7 21. Ne5 Bxe5 22. dxe5 Rc4 23. Qd2 Rec8 24. Rd3 Kg7 25. Qe3 Qb5 1/2-1/2

[Event "Scottish op"]
[Site "Dunfermline"]
[Date "2024.07.11"]
[Round "5"]
[White "McKay, Jonathan"]
[Black "Mizicka, Matus"]
[Result "1-0"]
[WhiteElo "1977"]
[BlackElo "1976"]
[PlyCount "95"]
[EventDate "2024.07.08"]
[EventType "swiss"]
[EventRounds "9"]
[EventCountry "SCO"]
[SourceTitle "CBM 221 Extra"]
[Source "ChessBase"]
[SourceDate "2024.09.30"]
[SourceVersion "1"]
[SourceVersionDate "2024.09.30"]
[SourceQuality "1"]

1. e4 g6 2. d4 Bg7 3. Nc3 d6 4. f4 a6 5. Nf3 b5 6. a4 b4 7. Nd5 Bb7 8. Bc4 a5 9. f5 Nf6 10. Nxf6+ Bxf6 11. fxg6 hxg6 12. 0-0 Ba6 13. Qe2 Bxc4 14. Qxc4 e6 15. e5 Be7 16. d5 exd5 17. Qxd5 c6 18. Qd4 d5 19. e6 f6 20. Qg4 Qb6+ 21. Kh1 g5 22. Qf5 Kd8 23. Qg6 Na6 24. Qg7 Re8 25. Nxg5 fxg5 26. Bxg5 Qc5 27. Rf8 Nc7 28. Raf1 Nxe6 29. Rxe8+ Kxe8 30. Qg6+ Kd7 31. Bxe7 Qxe7 32. Rf7 Rf8 33. Rxe7+ Kxe7 34. h3 c5 35. Qd3 Nc7 36. Qh7+ Rf7 37. Qg8 Rf8 38. Qg5+ Kd6 39. Qg3+ Kc6 40. Qg6+ Kb7 41. h4 c4 42. h5 Re8 43. h6 d4 44. h7 b3 45. cxb3 d3 46. Qxe8 Nxe8 47. h8Q Nd6 48. Qd4 1-0

[Event "Perth op-A"]
[Site "Perth"]
[Date "2023.04.22"]
[Round "2"]
[White "Ridge, Michael"]
[Black "McKay, Jonathan"]
[Result "1-0"]
[WhiteElo "1823"]
[BlackElo "1923"]
[PlyCount "101"]
[EventDate "2023.04.21"]
[EventType "swiss"]
[EventRounds "5"]
[EventCountry "SCO"]
[SourceTitle "EXT 2024"]
[Source "ChessBase"]
[SourceDate "2023.10.10"]
[SourceVersion "1"]
[SourceVersionDate "2023.10.10"]
[SourceQuality "1"]

1. e4 c6 2. d4 d5 3. e5 Bf5 4. h4 h5 5. Bg5 Qb6 6. Bd3 Bxd3 7. Qxd3 e6 8. Nd2 c5 9. c4 Nc6 10. cxd5 Nb4 11. Qb3 Nxd5 12. Ne2 Qa6 13. 0-0 Be7 14. Bxe7 Ngxe7 15. Ne4 Nf5 16. Rfe1 cxd4 17. N2g3 Nde7 18. Rac1 0-0 19. Rc7 Qa5 20. Rec1 Qxe5 21. Rxb7 Rab8 22. Rc5 Rxb7 23. Qxb7 Qb8 24. Rb5 Qxb7 25. Rxb7 a5 26. Nxh5 Rc8 27. g4 Rc1+ 28. Kh2 Re1 29. Rb8+ Kh7 30. Ng5+ Kh6 31. Rh8+ Kg6 32. Nf4+ Kf6 33. Nh7+ Ke5 34. Nd3+ Ke4 35. Nxe1 Nh6 36. Kg3 d3 37. Ng5+ Kd4 38. Nef3+ Kc4 39. Rd8 Nd5 40. Rc8+ Kb4 41. Nd2 e5 42. Rd8 Nf4 43. Kf3 f5 44. Rb8+ Kc5 45. gxf5 Nxf5 46. Ke4 Nxh4 47. Kxe5 Ne2 48. Nge4+ Kc6 49. Rc8+ Kb6 50. Nc3 Ng1 51. Kd4 1-0

[Event "BCF-ch rapidplay 34th"]
[Site "Bingley"]
[Date "2023.04.15"]
[Round "1"]
[White "McKay, Jonathan"]
[Black "Makkar, Rajat"]
[Result "0-1"]
[WhiteElo "1923"]
[BlackElo "2420"]
[PlyCount "101"]
[EventDate "2023.04.15"]
[EventType "swiss (rapid)"]
[EventRounds "11"]
[EventCountry "ENG"]
[SourceTitle "CBM 213 Extra"]
[Source "ChessBase"]
[SourceDate "2023.05.31"]
[SourceVersion "1"]
[SourceVersionDate "2023.05.31"]
[SourceQuality "1"]

1. e4 e5 2. Nf3 Nc6 3. Bb5 a6 4. Ba4 Nf6 5. d3 d6 6. c3 g6 7. 0-0 Bg7 8. h3 0-0 9. Nbd2 b5 10. Bc2 Re8 11. a4 Bb7 12. b4 Qe7 13. Re1 Rad8 14. Nb3 d5 15. Qe2 d4 16. Nc5 Bc8 17. axb5 axb5 18. Bd2 Nd7 19. Nxd7 Bxd7 20. Reb1 Ra8 21. Qe1 Bf8 22. Rxa8 Rxa8 23. c4 bxc4 24. dxc4 Ra2 25. Bb3 Rxd2 26. Qxd2 Nxb4 27. c5 Qxc5 28. Qg5 Nd3 29. Qd8 Bb5 30. Ng5 Bc4 31. Bxc4 Qxc4 32. Nxh7 Kxh7 33. Qxf8 Qa2 34. Rf1 c5 35. h4 Qc4 36. h5 gxh5 37. Qe7 Qe6 38. Qg5 Qg6 39. Qd2 Qxe4 40. Ra1 c4 41. Ra7 Kg6 42. Ra6+ f6 43. Ra7 Qe1+ 44. Qxe1 Nxe1 45. Kf1 Nd3 46. Rc7 c3 47. Ke2 Nf4+ 48. Kf3 Kf5 49. Rc5 d3 50. g3 d2 51. Rxc3 0-1

[Event "Harrogate 4NCL op-A 29th"]
[Site "Harrogate"]
[Date "2023.01.22"]
[Round "5"]
[White "McKay, Jonathan"]
[Black "Chan, Sheng Liang Bernard"]
[Result "1/2-1/2"]
[WhiteElo "1896"]
[BlackElo "1986"]
[PlyCount "82"]
[EventDate "2023.01.20"]
[EventType "swiss"]
[EventRounds "5"]
[EventCountry "ENG"]
[SourceTitle "CBM 212 Extra"]
[Source "ChessBase"]
[SourceDate "2023.03.31"]
[SourceVersion "1"]
[SourceVersionDate "2023.03.31"]
[SourceQuality "1"]

1. e4 c5 2. Nf3 d6 3. Bb5+ Bd7 4. Bxd7+ Qxd7 5. c4 Nf6 6. Nc3 Nc6 7. d4 cxd4 8. Nxd4 e6 9. 0-0 Be7 10. Be3 0-0 11. f3 Rfd8 12. Rc1 d5 13. cxd5 exd5 14. Nxc6 bxc6 15. exd5 cxd5 16. Bd4 Rac8 17. Rf2 Bc5 18. Rd2 h5 19. Kh1 Bxd4 20. Rxd4 Rc4 21. Rd3 d4 22. Ne2 Rxc1 23. Qxc1 Qe6 24. Rxd4 Re8 25. Rd2 Qxa2 26. Nd4 Qc4 27. Qd1 h4 28. Nf5 Qe6 29. g4 hxg3 30. Nxg3 g6 31. Kg2 Qc6 32. Rd6 Ng4 33. Qd2 Qb7 34. Ne4 Rxe4 35. Rd8+ Kh7 36. fxe4 Qxe4+ 37. Kg3 Ne3 38. Kf2 Ng4+ 39. Kg1 Ne5 40. Kf2 Ng4+ 41. Kg1 Ne5 1/2-1/2

[Event "SCO-ch op 127th"]
[Site "Edinburgh"]
[Date "2022.07.10"]
[Round "9"]
[White "McKay, Jonathan"]
[Black "Madhavan, Sanjith1"]
[Result "1/2-1/2"]
[WhiteElo "1877"]
[BlackElo "1728"]
[PlyCount "89"]
[EventDate "2022.07.02"]
[EventType "swiss"]
[EventRounds "9"]
[EventCountry "SCO"]
[SourceTitle "CBM 209 Extra"]
[Source "ChessBase"]
[SourceDate "2022.09.30"]
[SourceVersion "1"]
[SourceVersionDate "2022.09.30"]
[SourceQuality "1"]

1. e4 c6 2. d4 d5 3. f3 e6 4. Nc3 Bb4 5. a3 Bxc3+ 6. bxc3 dxe4 7. Be3 Nf6 8. fxe4 Qa5 9. Bd3 e5 10. Bd2 Bg4 11. Nf3 Qc7 12. 0-0 Nbd7 13. Qe1 0-0 14. Qg3 Rfe8 15. Nxe5 Nxe5 16. dxe5 Qxe5 17. Bf4 Qc5+ 18. Kh1 Qh5 19. Rae1 h6 20. h3 Bd7 21. Bd6 Qg5 22. Qf2 Be6 23. Bf4 Qh5 24. Be2 Qg6 25. Bf3 Bc4 26. Rg1 b5 27. e5 Nd5 28. Bd2 Nb6 29. Be4 Qe6 30. Bf5 Qe7 31. g4 Bd5+ 32. Kh2 Nc4 33. Bf4 g5 34. Bg3 Qxa3 35. Bd3 Qf8 36. Qf5 Qg7 37. h4 Nd2 38. Re3 Nc4 39. Re2 Re7 40. Rge1 Rae8 41. hxg5 hxg5 42. Kg1 Be6 43. Qf3 Bd5 44. Qf5 Be6 45. Qf3 1/2-1/2

[Event "SCO-ch op 127th"]
[Site "Edinburgh"]
[Date "2022.07.07"]
[Round "6"]
[White "Bryson, Douglas Marshall"]
[Black "McKay, Jonathan"]
[Result "1-0"]
[WhiteElo "2329"]
[BlackElo "1877"]
[PlyCount "73"]
[EventDate "2022.07.02"]
[EventType "swiss"]
[EventRounds "9"]
[EventCountry "SCO"]
[SourceTitle "CBM 209 Extra"]
[Source "ChessBase"]
[SourceDate "2022.09.30"]
[SourceVersion "1"]
[SourceVersionDate "2022.09.30"]
[SourceQuality "1"]

1. e4 c6 2. d4 d5 3. exd5 cxd5 4. c4 Nf6 5. Nc3 Nc6 6. Nf3 Be6 7. Qb3 dxc4 8. Qxb7 Na5 9. Qb5+ Bd7 10. Qe5 Rc8 11. Qe3 e6 12. Be2 Bb4 13. 0-0 0-0 14. Ne5 Bxc3 15. bxc3 Nd5 16. Qh3 Ba4 17. Bd2 Bc2 18. Rac1 Bf5 19. g4 f6 20. Nf3 Bg6 21. Nh4 Be4 22. Rfe1 Qb6 23. Bf1 f5 24. gxf5 exf5 25. f3 Bd3 26. Re5 Qb2 27. Qg2 Rcd8 28. Bxd3 cxd3 29. Nxf5 Rxf5 30. Rxf5 Nc4 31. Qg5 Rd6 32. Re1 Nce3 33. Rxe3 Nxe3 34. Qxe3 Qb1+ 35. Kf2 h6 36. Qe8+ Kh7 37. Rf8 1-0

[Event "Daventry 4NCL Easter op-B 2nd"]
[Site "Daventry"]
[Date "2022.04.17"]
[Round "4"]
[White "Angheluta, Ovidiu"]
[Black "McKay, Jonathan"]
[Result "0-1"]
[WhiteElo "1992"]
[BlackElo "1964"]
[PlyCount "40"]
[EventDate "2022.04.15"]
[EventType "swiss"]
[EventRounds "7"]
[EventCountry "ENG"]
[SourceTitle "CBM 207 Extra"]
[Source "ChessBase"]
[SourceDate "2022.05.31"]
[SourceVersion "1"]
[SourceVersionDate "2022.05.31"]
[SourceQuality "1"]

1. e4 e5 2. f4 exf4 3. Nf3 g5 4. h4 g4 5. Ne5 Nf6 6. Nxg4 Nxe4 7. Qe2 Qe7 8. d3 Ng3 9. Qxe7+ Bxe7 10. Rh2 d5 11. Nf2 Bd6 12. Nh3 Bxh3 13. Rxh3 Kd7 14. Nc3 Re8+ 15. Ne2 Nc6 16. c3 Ne5 17. Nxg3 fxg3 18. Rh1 Nf3+ 19. Kd1 Re1+ 20. Kc2 Nh2 0-1

[Event "Daventry 4NCL Easter op-B 2nd"]
[Site "Daventry"]
[Date "2022.04.17"]
[Round "5"]
[White "McKay, Jonathan"]
[Black "Obi, Okwose Marc"]
[Result "1-0"]
[WhiteElo "1964"]
[BlackElo "1921"]
[PlyCount "43"]
[EventDate "2022.04.15"]
[EventType "swiss"]
[EventRounds "7"]
[EventCountry "ENG"]
[SourceTitle "CBM 207 Extra"]
[Source "ChessBase"]
[SourceDate "2022.05.31"]
[SourceVersion "1"]
[SourceVersionDate "2022.05.31"]
[SourceQuality "1"]

1. e4 d6 2. d4 Nf6 3. Nc3 Nbd7 4. f4 e5 5. Nf3 exd4 6. Qxd4 Be7 7. Be3 0-0 8. 0-0-0 Ng4 9. Bg1 Bf6 10. Qd2 Bxc3 11. Qxc3 Qe7 12. Bd3 Nc5 13. Bxc5 dxc5 14. Qe1 Be6 15. h3 Nf6 16. e5 Ne8 17. f5 Bd7 18. f6 gxf6 19. Qh4 h6 20. Qxh6 f5 21. Ng5 f6 22. Bc4+ 1-0

[Event "Daventry 4NCL Easter op-B 2nd"]
[Site "Daventry"]
[Date "2022.04.16"]
[Round "2"]
[White "Fava, Lorenzo"]
[Black "McKay, Jonathan"]
[Result "0-1"]
[WhiteElo "1846"]
[BlackElo "1964"]
[PlyCount "94"]
[EventDate "2022.04.15"]
[EventType "swiss"]
[EventRounds "7"]
[EventCountry "ENG"]
[SourceTitle "CBM 207 Extra"]
[Source "ChessBase"]
[SourceDate "2022.05.31"]
[SourceVersion "1"]
[SourceVersionDate "2022.05.31"]
[SourceQuality "1"]

1. e4 c6 2. d4 d5 3. Nc3 dxe4 4. Nxe4 Nf6 5. Nxf6+ exf6 6. c3 Bd6 7. Bd3 0-0 8. Qc2 Re8+ 9. Ne2 h5 10. 0-0 Nd7 11. Bf4 Nf8 12. Bxd6 Qxd6 13. Ng3 g6 14. Ne4 Qd8 15. Rae1 Ne6 16. f4 f5 17. Nd2 c5 18. dxc5 Nxc5 19. Bc4 Be6 20. Bxe6 Rxe6 21. Rxe6 Nxe6 22. Nb3 Qb6+ 23. Qf2 Qd6 24. g3 a5 25. Qf3 a4 26. Nd4 Nxd4 27. Qd3 Rd8 28. Qxd4 Qxd4+ 29. cxd4 Rxd4 30. Rf2 Kf8 31. Rc2 b5 32. Kf2 Rd5 33. Ke3 Ke7 34. b3 Kd6 35. b4 Rd1 36. Rd2+ Rxd2 37. Kxd2 Kd5 38. Kd3 f6 39. h4 a3 40. Kc3 Ke4 41. Kb3 Kd3 42. Kxa3 Kc3 43. g4 fxg4 44. f5 g3 45. fxg6 g2 46. g7 g1Q 47. g8Q Qc1# 0-1

[Event "Harrogate 4NCL op 27th"]
[Site "Harrogate"]
[Date "2022.01.22"]
[Round "2"]
[White "McKay, Jonathan"]
[Black "Sedykh, Mikhail"]
[Result "1-0"]
[WhiteElo "1832"]
[BlackElo "2122"]
[PlyCount "127"]
[EventDate "2022.01.21"]
[EventType "swiss"]
[EventRounds "5"]
[EventCountry "ENG"]
[SourceTitle "CBM 206 Extra"]
[Source "ChessBase"]
[SourceDate "2022.03.31"]
[SourceVersion "1"]
[SourceVersionDate "2022.03.31"]
[SourceQuality "1"]

1. d4 d5 2. c4 e6 3. Nc3 Nf6 4. cxd5 exd5 5. Bg5 Be7 6. e3 c6 7. Bd3 Nbd7 8. Qc2 0-0 9. Nf3 Re8 10. 0-0 Nf8 11. h3 Ne4 12. Bf4 Ng5 13. Bxg5 Bxg5 14. b4 Be7 15. b5 Bd6 16. bxc6 bxc6 17. e4 Qa5 18. Nd2 g6 19. Nb3 Qd8 20. e5 Ba3 21. f4 f5 22. exf6 Qxf6 23. f5 gxf5 24. Bxf5 Qg5 25. Na4 Ba6 26. Rf2 Bd6 27. Bg4 Bc8 28. Qxc6 Bxg4 29. Qxd6 Bxh3 30. Nc3 Rad8 31. Qf6 Qxf6 32. Rxf6 Bc8 33. Nc5 Ne6 34. Nxe6 Rxe6 35. Rf5 Red6 36. Rg5+ Kh8 37. Re1 h6 38. Rge5 R6d7 39. Na4 Kg7 40. Nc5 Rf7 41. Rh5 Kg6 42. Ree5 Bf5 43. Rh4 h5 44. Rf4 Bg4 45. Rxf7 Kxf7 46. g3 Rb8 47. Nd3 Rb1+ 48. Kf2 Ra1 49. Nb4 a5 50. Nxd5 Rxa2+ 51. Ke3 Ra3+ 52. Kf4 Rf3+ 53. Ke4 a4 54. Re7+ Kf8 55. Ra7 a3 56. Ke5 Rxg3 57. Nf4 Re3+ 58. Kf6 Ke8 59. d5 h4 60. Kg5 Bd7 61. Kf6 Bb5 62. Ne6 Rf3+ 63. Ke5 h3 64. Kd6 1-0

[Event "ENG-ch U16/18"]
[Site "Milton Keynes"]
[Date "2021.10.02"]
[Round "1"]
[White "Kuzhelev, Timur"]
[Black "McKay, Jonathan"]
[Result "1-0"]
[WhiteElo "1874"]
[BlackElo "1620"]
[PlyCount "61"]
[EventDate "2021.10.02"]
[EventType "swiss"]
[EventRounds "5"]
[EventCountry "ENG"]
[SourceTitle "EXT 2023"]
[Source "ChessBase"]
[SourceDate "2022.10.05"]
[SourceVersion "1"]
[SourceVersionDate "2022.10.05"]
[SourceQuality "1"]

1. e4 c6 2. d4 d5 3. exd5 cxd5 4. c4 Nf6 5. Nc3 Nc6 6. Nf3 Bg4 7. Be3 e6 8. c5 Be7 9. Be2 0-0 10. Nd2 Bxe2 11. Nxe2 b6 12. Qa4 Rc8 13. b4 bxc5 14. bxc5 e5 15. Nb3 Nd7 16. Rc1 Re8 17. 0-0 Bg5 18. Bxg5 Qxg5 19. dxe5 Ndxe5 20. Ng3 Ng4 21. Rcd1 h5 22. Nd2 Re2 23. Nxe2 Nce5 24. Qf4 Qg6 25. h3 Nd3 26. Qg3 Ngxf2 27. Qxg6 fxg6 28. Rxf2 Nxf2 29. Kxf2 Rxc5 30. Nb3 Rc2 31. Rd2 1-0

[Event "World Cup U18 Prel"]
[Site "Tornelo INT"]
[Date "2021.08.20"]
[Round "10"]
[White "McKay, Jonathan"]
[Black "Jodorcovsky, Paulo Leonardo"]
[Result "0-1"]
[WhiteElo "1620"]
[BlackElo "1824"]
[PlyCount "94"]
[EventDate "2021.08.16"]
[EventType "swiss (rapid)"]
[EventRounds "10"]
[EventCountry "NET"]
[SourceTitle "CBM 203 Extra"]
[Source "ChessBase"]
[SourceDate "2021.09.30"]
[SourceVersion "1"]
[SourceVersionDate "2021.09.30"]
[SourceQuality "1"]

1. e4 c5 2. Nf3 Nc6 3. Bb5 e6 4. Bxc6 bxc6 5. 0-0 Ne7 6. d3 d5 7. Nbd2 Ng6 8. Re1 Be7 9. Nf1 0-0 10. Ng3 f6 11. c3 Rb8 12. Qc2 Bd6 13. d4 Qc7 14. Be3 c4 15. Rab1 Bd7 16. b3 cxb3 17. axb3 Rb7 18. b4 a5 19. bxa5 Rxb1 20. Rxb1 Qxa5 21. Nd2 Ra8 22. c4 e5 23. exd5 exd4 24. Bxd4 cxd5 25. c5 Bf4 26. Nb3 Ba4 27. c6 Qb4 28. c7 Rc8 29. Qc5 Qb7 30. Nd2 Qxc7 31. Qxd5+ Kh8 32. Ndf1 Bc6 33. Qc4 Qd7 34. Be3 Bxe3 35. Nxe3 Bxg2 36. Qe2 Bc6 37. Rd1 Qe6 38. f3 Nf4 39. Qf1 Qxe3+ 40. Kh1 Bxf3+ 41. Qxf3 Qxf3+ 42. Kg1 Qxd1+ 43. Kf2 Rc2+ 44. Ke3 Qd3+ 45. Kxf4 Rc4+ 46. Ne4 Rxe4+ 47. Kf5 Qd5# 0-1

[Event "World Cup U18 Prel"]
[Site "Tornelo INT"]
[Date "2021.08.20"]
[Round "9"]
[White "Romanov, Kirill"]
[Black "McKay, Jonathan"]
[Result "1-0"]
[WhiteElo "2023"]
[BlackElo "1620"]
[PlyCount "95"]
[EventDate "2021.08.16"]
[EventType "swiss (rapid)"]
[EventRounds "10"]
[EventCountry "NET"]
[SourceTitle "CBM 203 Extra"]
[Source "ChessBase"]
[SourceDate "2021.09.30"]
[SourceVersion "1"]
[SourceVersionDate "2021.09.30"]
[SourceQuality "1"]

1. c4 c6 2. Nf3 d5 3. d4 Nf6 4. Qb3 a6 5. a4 e6 6. Nc3 a5 7. g3 Na6 8. Bg2 Nb4 9. 0-0 b6 10. Rd1 Ba6 11. Ne5 Bd6 12. cxd5 exd5 13. e4 Bxe5 14. dxe5 Bc4 15. Qxc4 dxc4 16. Rxd8+ Rxd8 17. exf6 gxf6 18. Bf4 0-0 19. Bc7 Rd2 20. Bxb6 Rxb2 21. Bxa5 Nd3 22. Nd1 Rb3 23. Bf1 Ra8 24. Bc3 Kg7 25. a5 Rb7 26. Ra4 Rb1 27. Ne3 Rb3 28. Rxc4 Ne5 29. Rc5 Nf3+ 30. Kg2 Ne5 31. f4 Nd7 32. Rxc6 Ra3 33. Nf5+ Kg6 34. g4 h5 35. gxh5+ Kxh5 36. Be2+ Kg6 37. h4 Ra2 38. h5+ Kh7 39. Kf2 Rc2 40. Rc7 Kg8 41. a6 Rxa6 42. Rxd7 Raa2 43. Rd8+ Kh7 44. Bxf6 Rxe2+ 45. Kf3 Rf2+ 46. Kg4 Rxf4+ 47. Kxf4 Rf2+ 48. Ke5 1-0

[Event "World Cup U18 Prel"]
[Site "Tornelo INT"]
[Date "2021.08.19"]
[Round "7"]
[White "Nisban, Cyrus"]
[Black "McKay, Jonathan"]
[Result "0-1"]
[WhiteElo "2059"]
[BlackElo "1620"]
[PlyCount "40"]
[EventDate "2021.08.16"]
[EventType "swiss (rapid)"]
[EventRounds "10"]
[EventCountry "NET"]
[SourceTitle "CBM 203 Extra"]
[Source "ChessBase"]
[SourceDate "2021.09.30"]
[SourceVersion "1"]
[SourceVersionDate "2021.09.30"]
[SourceQuality "1"]

1. d4 d5 2. Nf3 Nf6 3. c4 c6 4. Nc3 a6 5. e3 Bf5 6. cxd5 cxd5 7. Qb3 e6 8. Qxb7 Nbd7 9. Be2 Bd6 10. 0-0 0-0 11. Qc6 Nb6 12. Na4 Nc4 13. Bxc4 Rc8 14. Qxa6 Rxc4 15. Bd2 Ne4 16. Rfc1 Bg4 17. Rxc4 dxc4 18. Qxc4 Bxf3 19. gxf3 Qg5+ 20. Kh1 Nxf2# 0-1

[Event "World Cup U18 Prel"]
[Site "Tornelo INT"]
[Date "2021.08.18"]
[Round "5"]
[White "Namitbir, Singh Walia"]
[Black "McKay, Jonathan"]
[Result "1-0"]
[WhiteElo "2093"]
[BlackElo "1620"]
[PlyCount "77"]
[EventDate "2021.08.16"]
[EventType "swiss (rapid)"]
[EventRounds "10"]
[EventCountry "NET"]
[SourceTitle "CBM 203 Extra"]
[Source "ChessBase"]
[SourceDate "2021.09.30"]
[SourceVersion "1"]
[SourceVersionDate "2021.09.30"]
[SourceQuality "1"]

1. e4 c6 2. d4 d5 3. Nc3 dxe4 4. Nxe4 Nf6 5. Nxf6+ exf6 6. c3 Bd6 7. Bd3 0-0 8. Qc2 Re8+ 9. Ne2 h5 10. Be3 Be6 11. 0-0 Nd7 12. Nf4 Qc7 13. Bh7+ Kf8 14. Nxe6+ Rxe6 15. h3 Rae8 16. Bf5 R6e7 17. Bxd7 Qxd7 18. Qh7 Re4 19. Rae1 Qe6 20. c4 Ke7 21. Qxh5 Kd8 22. d5 Qe5 23. Qxe5 R8xe5 24. dxc6 bxc6 25. b3 Kc7 26. Rd1 Bc5 27. Bxc5 Rxc5 28. Rfe1 Rce5 29. Rxe4 Rxe4 30. Kf1 Re7 31. Rd3 Kb6 32. f3 Kc5 33. a3 a5 34. Rc3 Rb7 35. Ke2 a4 36. b4+ Kd4 37. Kd2 Ke5 38. Re3+ Kd4 39. Re4# 1-0

[Event "GBR-ch Online"]
[Site "Chess.com INT"]
[Date "2021.08.04"]
[Round "6"]
[White "Jithendra, Raina"]
[Black "McKay, Jonathan"]
[Result "0-1"]
[WhiteElo "1306"]
[BlackElo "1620"]
[PlyCount "166"]
[EventDate "2021.07.30"]
[EventType "swiss"]
[EventRounds "9"]
[EventCountry "ENG"]
[SourceTitle "CBM 203 Extra"]
[Source "ChessBase"]
[SourceDate "2021.09.30"]
[SourceVersion "1"]
[SourceVersionDate "2021.09.30"]
[SourceQuality "1"]

1. e4 c6 2. c4 d5 3. exd5 cxd5 4. cxd5 Nf6 5. Nc3 Nxd5 6. Nf3 Nc6 7. Bb5 f6 8. 0-0 e6 9. Re1 Kf7 10. d4 Bd6 11. Nxd5 exd5 12. Bd2 Rf8 13. Rc1 Ne7 14. Qc2 Ng6 15. h3 Kg8 16. Bd3 f5 17. Bg5 Qb6 18. b3 Bd7 19. Qb2 Qa5 20. Ne5 Ba3 21. Qc3 Bb4 22. Qc7 Qxc7 23. Rxc7 Bxe1 24. Rxd7 Nxe5 25. dxe5 h6 26. Be7 Rfc8 27. Bxf5 Rc1 28. Be6+ Kh8 29. Bxd5 Bc3+ 30. Kh2 Bxe5+ 31. g3 Rc7 32. Rxc7 Bxc7 33. Bxb7 Re8 34. Bc5 Bb6 35. Bxb6 axb6 36. Kg2 Re2 37. a4 Rb2 38. Bd5 g6 39. Kf3 Kg7 40. Ke3 Kf6 41. f4 g5 42. fxg5+ hxg5 43. Kd4 Ke7 44. Kc4 Kd6 45. h4 gxh4 46. gxh4 Rc2+ 47. Kd3 Rh2 48. Bc4 Kc5 49. Bf7 Rxh4 50. Kc3 Rh3+ 51. Kc2 Kb4 52. Kd2 Rh2+ 53. Kc1 Kc3 54. Kb1 Rb2+ 55. Kc1 Ra2 56. Kd1 Ra1+ 57. Ke2 Rb1 58. Ke3 Rxb3 59. Bxb3 Kxb3 60. Kd3 Kxa4 61. Kc2 Ka3 62. Kc1 b5 63. Kc2 b4 64. Kb1 Kb3 65. Kc1 Ka2 66. Kc2 b3+ 67. Kc3 b2 68. Kd4 b1Q 69. Ke5 Qd3 70. Kf4 Qe2 71. Kf5 Qe3 72. Kf6 Qe4 73. Kg5 Qf3 74. Kg6 Qf4 75. Kg7 Qf5 76. Kh6 Qg4 77. Kh7 Qg5 78. Kh8 Kb3 79. Kh7 Kc4 80. Kh8 Kd5 81. Kh7 Ke5 82. Kh8 Kf6 83. Kh7 Qg7# 0-1

[Event "GBR-ch Online"]
[Site "Chess.com INT"]
[Date "2021.07.31"]
[Round "2"]
[White "Sieczkowski, Adam"]
[Black "McKay, Jonathan"]
[Result "0-1"]
[WhiteElo "1601"]
[BlackElo "1620"]
[PlyCount "155"]
[EventDate "2021.07.30"]
[EventType "swiss"]
[EventRounds "9"]
[EventCountry "ENG"]
[SourceTitle "CBM 203 Extra"]
[Source "ChessBase"]
[SourceDate "2021.09.30"]
[SourceVersion "1"]
[SourceVersionDate "2021.09.30"]
[SourceQuality "1"]

1. Nf3 d5 2. g3 Nd7 3. d4 Nb6 4. Bg2 Nf6 5. 0-0 h6 6. b3 Bf5 7. Nbd2 e6 8. Bb2 c6 9. c4 Nbd7 10. Ne5 Bd6 11. Qe1 0-0 12. e4 Bh7 13. f4 Bb4 14. exd5 exd5 15. a3 Bd6 16. c5 Bc7 17. b4 Re8 18. Qd1 Ne4 19. Ndf3 Nf8 20. a4 Ng6 21. Nxg6 Bxg6 22. Ne5 Bxe5 23. dxe5 a5 24. f5 Bh7 25. f6 axb4 26. Qg4 Bg6 27. h4 h5 28. Qf4 gxf6 29. exf6 Re6 30. Bh3 Nxc5 31. Bxe6 Nxe6 32. Qxb4 Qc7 33. Kh2 d4 34. Rae1 Qa5 35. Qxb7 Qd2+ 36. Kh3 Rf8 37. Rxe6 Qd3 38. Rf4 Bf5+ 39. Kg2 Bxe6 40. Qxc6 Rc8 41. Qb5 Rc2+ 42. Rf2 Qxb5 43. axb5 Bd5+ 44. Kg1 Rc5 45. b6 d3 46. Rd2 Rb5 47. Rxd3 Rxb2 48. Rxd5 Rxb6 49. Rf5 Re6 50. Kf2 Kh7 51. Kf3 Kg6 52. Rf4 Ra6 53. Ke4 Ra4+ 54. Ke5 Ra5+ 55. Kd6 Ra6+ 56. Ke5 Ra5+ 57. Ke4 Ra4+ 58. Kf3 Ra3+ 59. Kg2 Ra2+ 60. Kh3 Ra3 61. Rf2 Rb3 62. Kg2 Ra3 63. Rf3 Ra2+ 64. Rf2 Ra3 65. Rf4 Ra2+ 66. Kf3 Ra3+ 67. Ke4 Rxg3 68. Rf5 Rg4+ 69. Rf4 Rxf4+ 70. Kxf4 Kxf6 71. Ke4 Ke6 72. Kf4 f6 73. Ke4 f5+ 74. Kf4 Kf6 75. Ke3 Ke5 76. Kf3 f4 77. Kg2 Ke4 78. Kf2 0-1